[Event "WJCC U20 Girls 2019"]
[Site "New Delhi"]
[Date "2019.10.19"]
[Round "6.43"]
[White "Figueroa Bernal, Julia Dennis"]
[Black "Djuric, Anja"]
[Result "1-0"]
[WhiteElo "1777"]
[BlackElo "1493"]
[Annotator "NA"]
[PlyCount "73"]
[EventDate "2019.10.15"]
[EventType "swiss"]
[EventCountry "IND"]
[SourceTitle "playchess.com"]
[Source "ChessBase"]
[SourceQuality "1"]
[TimeControl "40/5400+30:1800+30"]

1. e4 {[%emt 0:00:00]} c6 {[%emt 0:00:00]} 2. d4 {[%emt 0:00:00]} d5 {[%emt 0:00:00]} 3. e5 {[%emt 0:00:00]} Bf5 {[%emt 0:00:22]} 4. Nc3 {[%emt 0:00:17]} e6 {[%emt 0:00:29]} 5. g4 {[%emt 0:00:08]} Bg6 {[%emt 0:00:32]} 6. Nge2 {[%emt 0:00:43]} c5 {[%emt 0:04:00]} 7. h4 {[%emt 0:00:59]} h6 {[%emt 0:01:36]} 8. Be3 {[%emt 0:12:00]} Nc6 {[%emt 0:01:40]} 9. f4 {[%emt 0:07:28]} Be4 {[%emt 0:02:10]} 10. Nxe4 {[%emt 0:00:23]} dxe4 {[%emt 0:00:04]} 11. dxc5 {[%emt 0:02:46]} Qa5+ {[%emt 0:03:06]} 12. c3 {[%emt 0:05:14]} Nge7 {[%emt 0:07:04]} 13. b4 {[%emt 0:02:21]} Qc7 {[%emt 0:00:40]} 14. Nd4 {[%emt 0:03:40]} Nxd4 {[%emt 0:01:16]} 15. Qxd4 {[%emt 0:00:49]} Nc6 {[%emt 0:00:40]} 16. Qxe4 {[%emt 0:00:14]} O-O-O {[%emt 0:01:46]} 17. Bb5 {[%emt 0:04:57]} Be7 {[%emt 0:02:03]} 18. Bxc6 {[%emt 0:00:29]} bxc6 {[%emt 0:00:03]} 19. a4 {[%emt 0:02:07]} g5 {[%emt 0:04:28]} 20. hxg5 {[%emt 0:04:08]} hxg5 {[%emt 0:00:30]} 21. Rxh8 {[%emt 0:00:06]} Rxh8 {[%emt 0:00:09]} 22. f5 {[%emt 0:00:27]} Rh2 {[%emt 0:04:27]} 23. f6 {[%emt 0:06:38]} Bxf6 {[%emt 0:01:29]} 24. exf6 {[%emt 0:00:20]} Qg3+ {[%emt 0:00:09]} 25. Kd1 {[%emt 0:00:09]} Kd7 {[%emt 0:00:28]} 26. b5 {[%emt 0:03:28]} Qh3 {[%emt 0:01:18]} 27. Bd2 {[%emt 0:03:02]} Rh1+ {[%emt 0:02:53]} 28. Be1 {[%emt 0:00:25]} Qxc3 {[%emt 0:00:55]} 29. Qxc6+ {[%emt 0:02:49]} Kd8 {[%emt 0:00:07]} 30. Qa8+ {[%emt 0:04:24]} Kd7 {[%emt 0:00:17]} 31. Qxa7+ {[%emt 0:00:38]} Kd8 {[%emt 0:00:16]} 32. Qe7+ {[%emt 0:02:17]} Kc8 {[%emt 0:00:20]} 33. Qe8+ {[%emt 0:00:56]} Kb7 {[%emt 0:00:44]} 34. Qd7+ {[%emt 0:01:02]} Kb8 {[%emt 0:00:26]} 35. Qd8+ {[%emt 0:00:45]} Kb7 {[%emt 0:00:16]} 36. c6+ {[%emt 0:00:21]} Ka7 {[%emt 0:00:33]} 37. Qc7+ {[%emt 0:00:10]} 1-0

[Event "WJCC U20 Girls 2019"]
[Site "New Delhi"]
[Date "2019.10.19"]
[Round "6.44"]
[White "Arushi Kotwal"]
[Black "Shivika Rohilla"]
[Result "1/2-1/2"]
[WhiteElo "1657"]
[BlackElo "1721"]
[Annotator "NA"]
[PlyCount "113"]
[EventDate "2019.10.15"]
[EventType "swiss"]
[EventCountry "IND"]
[SourceTitle "playchess.com"]
[Source "ChessBase"]
[SourceQuality "1"]
[TimeControl "40/5400+30:1800+30"]

1. Nf3 {[%emt 0:00:00]} Nf6 {[%emt 0:00:00]} 2. g3 {[%emt 0:00:00]} d5 {[%emt 0:00:00]} 3. d4 {[%emt 0:00:03]} e6 {[%emt 0:00:06]} 4. c4 {[%emt 0:00:08]} dxc4 {[%emt 0:00:07]} 5. Qa4+ {[%emt 0:00:22]} Nbd7 {[%emt 0:00:16]} 6. Bg2 {[%emt 0:00:14]} a6 {[%emt 0:00:43]} 7. Qxc4 {[%emt 0:00:07]} b5 {[%emt 0:00:14]} 8. Qc2 {[%emt 0:01:08]} Bb7 {[%emt 0:00:27]} 9. O-O {[%emt 0:07:15]} c5 {[%emt 0:01:08]} 10. Bg5 {[%emt 0:03:10]} Rc8 {[%emt 0:06:04]} 11. Qd1 {[%emt 0:06:54]} cxd4 {[%emt 0:01:18]} 12. Nxd4 {[%emt 0:00:36]} Bxg2 {[%emt 0:00:24]} 13. Kxg2 {[%emt 0:00:05]} Bc5 {[%emt 0:05:24]} 14. Nc3 {[%emt 0:06:55]} Qb6 {[%emt 0:01:51]} 15. Nf3 {[%emt 0:09:15]} O-O {[%emt 0:01:09]} 16. Qb3 {[%emt 0:03:09]} Rfd8 {[%emt 0:07:42]} 17. Rad1 {[%emt 0:16:31]} Be7 {[%emt 0:05:26]} 18. Bxf6 {[%emt 0:10:52]} Nxf6 {[%emt 0:03:48]} 19. Rxd8+ {[%emt 0:02:34]} Rxd8 {[%emt 0:00:25]} 20. Rd1 {[%emt 0:00:39]} Rd4 21. Rd3 Rxd3 {[%emt 0:01:42]} 22. Qc2 Rd1 23. Qxd1 {[%emt 0:01:11]} Qd6 {[%emt 0:02:10]} 24. Qxd6 {[%emt 0:06:36]} Bxd6 {[%emt 0:00:07]} 25. a3 {[%emt 0:00:32]} Kf8 {[%emt 0:01:22]} 26. h3 {[%emt 0:06:36]} Ke7 {[%emt 0:01:14]} 27. Kf1 {[%emt 0:00:14]} Nd7 {[%emt 0:01:15]} 28. Nd4 {[%emt 0:02:24]} Nb6 {[%emt 0:03:18]} 29. Nc2 {[%emt 0:06:53]} Nc4 {[%emt 0:00:25]} 30. Nd1 {[%emt 0:00:15]} Bc5 {[%emt 0:02:10]} 31. e3 {[%emt 0:02:16]} Kd6 {[%emt 0:06:02]} 32. Ke2 {[%emt 0:00:09]} a5 {[%emt 0:02:17]} 33. b4 {[%emt 0:00:47]} Bb6 {[%emt 0:01:35]} 34. Nc3 {[%emt 0:02:41]} Kc6 {[%emt 0:01:37]} 35. Kd3 {[%emt 0:03:45]} Nb2+ {[%emt 0:01:17]} 36. Ke2 {[%emt 0:00:15]} a4 {[%emt 0:01:39]} 37. Kf3 {[%emt 0:02:05]} Nc4 {[%emt 0:00:23]} 38. Ke2 {[%emt 0:00:27]} f5 {[%emt 0:04:06]} 39. Kd3 {[%emt 0:01:08]} Nb2+ {[%emt 0:00:15]} 40. Ke2 {[%emt 0:00:20]} g6 {[%emt 0:02:02]} 41. Kf3 {[%emt 0:30:36]} Nc4 {[%emt 0:30:44]} 42. h4 {[%emt 0:00:24]} e5 {[%emt 0:10:13]} 43. Ke2 {[%emt 0:00:00]} Bd8 {[%emt 0:00:00]} 44. e4 {[%emt 0:00:00]} Bb6 {[%emt 0:00:00]} 45. f3 {[%emt 0:00:00]} fxe4 {[%emt 0:00:00]} 46. fxe4 {[%emt 0:00:00]} Bd4 {[%emt 0:00:00]} 47. Nd1 {[%emt 0:00:00]} Kd6 {[%emt 0:00:00]} 48. Kd3 {[%emt 0:00:00]} Nb2+ {[%emt 0:00:00]} 49. Nxb2 {[%emt 0:00:00]} Bxb2 {[%emt 0:00:00]} 50. g4 {[%emt 0:00:50]} Bc1 {[%emt 0:00:00]} 51. Ke2 {[%emt 0:00:10]} h6 {[%emt 0:00:00]} 52. Kf3 {[%emt 0:00:09]} Bd2 {[%emt 0:00:00]} 53. Kg2 {[%emt 0:00:33]} Ke6 {[%emt 0:00:00]} 54. Kf3 {[%emt 0:00:19]} h5 {[%emt 0:00:00]} 55. g5 {[%emt 0:00:28]} Bc1 {[%emt 0:00:00]} 56. Kg2 {[%emt 0:00:11]} Bb2 {[%emt 0:00:00]} 57. Kf3 {[%emt 0:00:22]} 1/2-1/2

[Event "WJCC U20 Girls 2019"]
[Site "New Delhi"]
[Date "2019.10.19"]
[Round "6.45"]
[White "Rathi Dhanashree"]
[Black "Rousseau, Christilla"]
[Result "1-0"]
[WhiteElo "1692"]
[BlackElo "1648"]
[Annotator "NA"]
[PlyCount "119"]
[EventDate "2019.10.15"]
[EventType "swiss"]
[EventCountry "IND"]
[SourceTitle "playchess.com"]
[Source "ChessBase"]
[SourceQuality "1"]
[TimeControl "40/5400+30:1800+30"]

1. d4 {[%emt 0:00:00]} d5 {[%emt 0:00:00]} 2. Nf3 {[%emt 0:00:00]} Nf6 {[%emt 0:00:00]} 3. e3 {[%emt 0:00:05]} Bf5 {[%emt 0:02:51]} 4. c4 {[%emt 0:00:36]} c6 {[%emt 0:00:07]} 5. Nc3 {[%emt 0:00:22]} e6 {[%emt 0:00:28]} 6. Be2 {[%emt 0:02:55]} h6 {[%emt 0:02:51]} 7. O-O {[%emt 0:02:48]} Be7 {[%emt 0:03:04]} 8. b3 {[%emt 0:04:23]} O-O {[%emt 0:01:23]} 9. Bb2 {[%emt 0:00:39]} Nbd7 {[%emt 0:01:02]} 10. h3 {[%emt 0:04:44]} Rc8 {[%emt 0:05:45]} 11. Bd3 {[%emt 0:05:27]} Ne4 {[%emt 0:17:23]} 12. Qc2 {[%emt 0:07:27]} Ndf6 {[%emt 0:03:20]} 13. Rad1 {[%emt 0:08:16]} Nxc3 {[%emt 0:05:04]} 14. Bxc3 {[%emt 0:00:43]} Bxd3 {[%emt 0:00:30]} 15. Qxd3 {[%emt 0:04:34]} Ne4 {[%emt 0:00:18]} 16. Bb2 {[%emt 0:02:38]} Qe8 {[%emt 0:04:36]} 17. Nd2 {[%emt 0:03:32]} f5 {[%emt 0:02:33]} 18. c5 {[%emt 0:07:00]} g5 {[%emt 0:06:27]} 19. Nxe4 {[%emt 0:02:15]} fxe4 {[%emt 0:00:26]} 20. Qe2 {[%emt 0:00:08]} h5 {[%emt 0:13:45]} 21. f3 {[%emt 0:04:40]} exf3 {[%emt 0:09:03]} 22. Rxf3 {[%emt 0:00:33]} Rxf3 {[%emt 0:00:11]} 23. gxf3 {[%emt 0:01:24]} Qg6 {[%emt 0:01:54]} 24. Kh2 {[%emt 0:01:53]} Qf5 {[%emt 0:04:43]} 25. Rg1 {[%emt 0:04:08]} Kh7 {[%emt 0:00:43]} 26. Bc1 {[%emt 0:01:20]} Rf8 {[%emt 0:04:43]} 27. Kg2 {[%emt 0:11:43]} Bd8 {[%emt 0:04:09]} 28. e4 {[%emt 0:05:35]} Qf6 {[%emt 0:00:42]} 29. e5 {[%emt 0:06:40]} Qf5 {[%emt 0:00:26]} 30. Rf1 {[%emt 0:00:33]} Ba5 {[%emt 0:02:15]} 31. f4 {[%emt 0:01:04]} g4 {[%emt 0:02:14]} 32. hxg4 {[%emt 0:00:13]} Rg8 {[%emt 0:00:45]} 33. g5 {[%emt 0:00:10]} Kg6 {[%emt 0:00:30]} 34. Rh1 {[%emt 0:00:14]} Rh8 {[%emt 0:00:18]} 35. Rh3 {[%emt 0:00:18]} Bd8 {[%emt 0:00:58]} 36. Qd3 {[%emt 0:03:11]} Ba5 {[%emt 0:00:21]} 37. Qxf5+ {[%emt 0:01:13]} Kxf5 {[%emt 0:00:13]} 38. Kf3 {[%emt 0:00:05]} Bc3 39. Be3 {[%emt 0:01:46]} Bb4 {[%emt 0:01:55]} 40. Bf2 {[%emt 0:01:58]} Bd2 {[%emt 0:00:20]} 41. Be3 {[%emt 0:31:15]} Bb4 {[%emt 0:30:31]} 42. Rh1 {[%emt 0:00:24]} Bc3 {[%emt 0:00:00]} 43. Rc1 {[%emt 0:00:00]} Bb4 {[%emt 0:00:00]} 44. a3 {[%emt 0:00:00]} Ba5 {[%emt 0:00:00]} 45. b4 {[%emt 0:00:00]} Bc7 {[%emt 0:00:00]} 46. a4 {[%emt 0:00:00]} Rg8 {[%emt 0:00:00]} 47. Bd2 {[%emt 0:00:00]} a6 {[%emt 0:00:00]} 48. Rh1 {[%emt 0:00:00]} Kg6 {[%emt 0:00:00]} 49. Rb1 {[%emt 0:00:00]} Kf5 {[%emt 0:00:00]} 50. b5 {[%emt 0:00:00]} axb5 {[%emt 0:00:00]} 51. axb5 {[%emt 0:00:00]} Ra8 {[%emt 0:00:00]} 52. bxc6 {[%emt 0:00:00]} Ra3+ {[%emt 0:00:00]} 53. Ke2 {[%emt 0:00:00]} bxc6 {[%emt 0:00:00]} 54. Rb7 {[%emt 0:00:00]} Bd8 {[%emt 0:05:49]} 55. Rh7 {[%emt 0:00:00]} Kg4 {[%emt 0:00:55]} 56. g6 {[%emt 0:00:00]} Kf5 {[%emt 0:00:47]} 57. g7 {[%emt 0:00:00]} Rg3 {[%emt 0:00:27]} 58. Rxh5+ {[%emt 0:00:00]} Ke4 {[%emt 0:00:20]} 59. Rg5 {[%emt 0:00:00]} Bxg5 {[%emt 0:00:27]} 60. fxg5 {[%emt 0:00:00]} 1-0

[Event "WJCC U20 Girls 2019"]
[Site "New Delhi"]
[Date "2019.10.19"]
[Round "6.46"]
[White "Reid, Caitlin"]
[Black "Lohani, Sujana"]
[Result "0-1"]
[WhiteElo "1489"]
[BlackElo "1671"]
[Annotator "NA"]
[PlyCount "98"]
[EventDate "2019.10.15"]
[EventType "swiss"]
[EventCountry "IND"]
[SourceTitle "playchess.com"]
[Source "ChessBase"]
[SourceQuality "1"]
[TimeControl "40/5400+30:1800+30"]

1. e4 {[%emt 0:00:00]} d6 {[%emt 0:00:00]} 2. d4 {[%emt 0:00:11]} Nf6 {[%emt 0:00:00]} 3. Nc3 {[%emt 0:00:24]} g6 {[%emt 0:00:11]} 4. Bg5 {[%emt 0:03:14]} Bg7 {[%emt 0:00:50]} 5. Qd2 {[%emt 0:01:04]} h6 {[%emt 0:04:06]} 6. Be3 {[%emt 0:00:29]} Ng4 {[%emt 0:03:20]} 7. Bc4 {[%emt 0:02:15]} O-O {[%emt 0:06:03]} 8. O-O-O {[%emt 0:00:57]} Nxe3 {[%emt 0:04:53]} 9. Qxe3 {[%emt 0:00:16]} Nd7 {[%emt 0:01:55]} 10. f4 {[%emt 0:01:26]} Kh7 {[%emt 0:08:42]} 11. g4 {[%emt 0:01:48]} c5 {[%emt 0:05:13]} 12. Nf3 {[%emt 0:02:02]} cxd4 {[%emt 0:10:32]} 13. Nxd4 {[%emt 0:00:25]} e5 {[%emt 0:06:16]} 14. Nf3 {[%emt 0:01:37]} Nb6 {[%emt 0:05:20]} 15. Be2 {[%emt 0:00:38]} Bxg4 {[%emt 0:04:47]} 16. fxe5 {[%emt 0:19:28]} Bxf3 {[%emt 0:02:23]} 17. Rxd6 {[%emt 0:01:54]} Qc7 {[%emt 0:06:32]} 18. Qxf3 {[%emt 0:10:37]} Bxe5 {[%emt 0:00:39]} 19. Nb5 {[%emt 0:01:11]} Qc5 {[%emt 0:06:30]} 20. Rd2 {[%emt 0:01:40]} a6 {[%emt 0:04:09]} 21. Nc3 {[%emt 0:00:10]} Rac8 {[%emt 0:03:00]} 22. Nd5 {[%emt 0:02:19]} Rc6 {[%emt 0:06:07]} 23. h4 {[%emt 0:01:33]} Nxd5 {[%emt 0:01:12]} 24. exd5 {[%emt 0:00:56]} Rf6 {[%emt 0:00:31]} 25. Qe4 {[%emt 0:00:45]} Bf4 {[%emt 0:00:47]} 26. h5 {[%emt 0:03:22]} Kg7 {[%emt 0:02:42]} 27. hxg6 {[%emt 0:03:36]} fxg6 {[%emt 0:00:48]} 28. Rhd1 {[%emt 0:00:54]} Qe3 {[%emt 0:01:24]} 29. Qc4 {[%emt 0:05:15]} b5 {[%emt 0:00:32]} 30. Qd3 {[%emt 0:04:02]} Rd8 {[%emt 0:02:55]} 31. Kb1 {[%emt 0:00:25]} Qc5 {[%emt 0:00:56]} 32. Qd4 {[%emt 0:01:09]} Qe7 {[%emt 0:01:10]} 33. Rd3 {[%emt 0:11:53]} Qxe2 {[%emt 0:00:40]} 34. Rc3 {[%emt 0:00:18]} Be5 {[%emt 0:00:38]} 35. Re3 {[%emt 0:04:43]} Bxd4 {[%emt 0:00:29]} 36. Rxe2 {[%emt 0:00:07]} Bc5 {[%emt 0:00:30]} 37. a3 {[%emt 0:01:10]} h5 {[%emt 0:00:43]} 38. b4 {[%emt 0:00:14]} Bd6 {[%emt 0:00:11]} 39. Kb2 {[%emt 0:00:38]} g5 {[%emt 0:00:35]} 40. Kb3 {[%emt 0:00:45]} h4 {[%emt 0:00:46]} 41. Rd3 {[%emt 0:32:02]} g4 {[%emt 0:30:41]} 42. Re4 {[%emt 0:03:40]} Rg6 {[%emt 0:00:00]} 43. c4 {[%emt 0:00:00]} bxc4+ {[%emt 0:00:00]} 44. Rxc4 {[%emt 0:00:00]} g3 {[%emt 0:00:00]} 45. Rdd4 {[%emt 0:00:00]} h3 {[%emt 0:00:00]} 46. Rc6 {[%emt 0:00:00]} g2 {[%emt 0:00:00]} 47. Rxa6 {[%emt 0:00:00]} g1=Q {[%emt 0:00:00]} 48. Ra7+ {[%emt 0:00:00]} Kg8 {[%emt 0:00:00]} 49. Rc4 {[%emt 0:00:00]} Qxa7 {[%emt 0:00:00]} 0-1

[Event "WJCC U20 Girls 2019"]
[Site "New Delhi"]
[Date "2019.10.21"]
[Round "7.1"]
[White "Alinasab, Mobina"]
[Black "Tsolakidou, Stavroula"]
[Result "1/2-1/2"]
[WhiteElo "2239"]
[BlackElo "2431"]
[Annotator "TA"]
[PlyCount "144"]
[EventDate "2019.10.15"]
[EventType "swiss"]
[EventCountry "IND"]
[SourceTitle "playchess.com"]
[Source "ChessBase"]
[SourceQuality "1"]

{[%evp 11,144,40,49,34,16,16,56,29,39,44,43,10,0,0,0,-62,131,141,72,51,65,60,33,32,41,10,89,95,79,67,121,110,129,52,170,67,77,26,29,2,13,0,18,0,0,-31,0,-9,-16,-80,0,0,0,-83,-12,-10,-10,-10,-12,-10,0,0,0,0,0,0,0,-45,-46,-50,-8,-39,-37,-51,-45,-45,-45,-45,-38,-45,-38,-45,-45,-45,-45,-45,-29,-34,-22,-29,-29,-34,-29,-34,-25,-29,-8,-8,-8,-16,0,0,0,0,0,0,0,0,0,0,0,0,0,0,0,0,0,0,0,0,0,0,8,0,0,0,0,0,0,0,0,0,0,-8,-8]} 1. e4 c5 2. Nf3 e6 3. d4 cxd4 4. Nxd4 Nc6 5. Nc3 Qc7 6. Be3 a6 7. Qf3 {B48: Sicilian: Taimanov: 5 Nc3 Qc7 6 Be3 a6 without Be2} Ne5 8. Qg3 Bd6 $146 {And now ...Nd3+! would win.} ({Predecessor:} 8... h5 9. Bg5 f6 10. Bf4 Ne7 11. O-O-O Kf7 12. Bxe5 Qxe5 13. f4 h4 14. Qe3 Qc7 {1-0 (35) Ding,L (2811)-Shankland,S (2705) chess.com INT 2019}) 9. f4 {0-0-0 is the strong threat.White is slightly better.} Ng6 $1 {[%cal Rd6f4]} 10. e5 Bb4 11. O-O-O {Black must now prevent f5.} Bxc3 12. bxc3 {Threatens to win with f5.} N8e7 13. c4 (13. Bd3 $11) 13... O-O $2 {[#]} (13... b5 $1 $15 14. Bd2 bxc4) 14. h4 $1 $36 {[%cal Rh4h5][%mdl 2048] White is on the roll.} h5 15. Qf3 d6 $1 16. exd6 $1 Qxd6 17. Nb3 Qc7 18. Bc5 Rd8 (18... Re8 $1 $11) 19. Rxd8+ ({Of course not} 19. Qxh5 Rxd1+ 20. Qxd1 Qxf4+ 21. Kb1 Nc6 $14) 19... Qxd8 20. Qxh5 Nf5 {[#]} (20... Bd7 $14) 21. Qf3 $1 {aiming for h5.} e5 22. fxe5 ({White should try} 22. h5 $16 Nxf4 23. g3) 22... Bd7 (22... Nxe5 $14 23. Qf4 Ng6) 23. Qc3 (23. Bd6 $18) 23... Nfxh4 $14 24. Qg3 ({White should play} 24. Kb2 $16) 24... Nf5 $11 25. Qh2 {[%csl Gh1][%cal Rh2h7]} (25. Qh3 $5 {[%cal Rh3h7]} Nh6 26. Qg3 $11) 25... Qg5+ $1 26. Kb1 {[%csl Gh1][%cal Rh2h7]} Nh6 27. Bd6 Re8 {[%cal Rg6e5]} 28. Qh5 Qg3 {[%cal Rg6e5]} 29. Bd3 {Hoping for Nc5.} Nxe5 30. Rf1 (30. Qe2 $1 $11) 30... Qe3 31. Bc5 Qg3 $1 32. Bd6 Qg4 ({Better is} 32... Bc6 $17) 33. Qxg4 Nhxg4 34. Re1 Re6 35. Bc7 Nxd3 36. Rxe6 Bxe6 37. cxd3 {[%mdl 4096] Endgame KBN-KBN} Bf5 38. Nc5 Ne3 39. g3 Nxc4 $1 40. Kc1 Na3 (40... Ne3 {feels hotter.} 41. a4 Nd5 42. Bd6 Bc8 43. a5 f6) 41. Nxb7 Bxd3 42. Nd6 Nc2 43. Kd2 Bg6 44. Nb7 Nb4 45. a3 Nd5 46. Bd6 Bf5 47. Nc5 Bc8 48. Kd3 f5 49. Kc4 Ne3+ 50. Kd3 Ng4 51. Kc4 Kf7 52. a4 g5 53. Kd5 Ne3+ 54. Kc6 {The position is equal.} Nc4 55. Bb8 Ke7 56. Kc7 Nd6 57. Ba7 Be6 58. Nxa6 {Strongly threatening Bc5.} Nc4 59. Bd4 f4 60. gxf4 gxf4 61. Nb4 Ke8 62. Nd3 Bd7 63. Nc5 Bf5 64. Nb7 Be4 65. Nc5 Bf5 66. Kc6 f3 67. Kd5 Na5 68. Bf2 Bc2 69. Ke5 Kd8 70. Be1 Kc8 71. Kf4 Nb7 72. Nxb7 Kxb7 {Accuracy: White = 50%, Black = 51%.} 1/2-1/2

[Event "WJCC U20 Girls 2019"]
[Site "New Delhi"]
[Date "2019.10.21"]
[Round "7.2"]
[White "Vaishali R"]
[Black "Shuvalova, Polina"]
[Result "0-1"]
[WhiteElo "2385"]
[BlackElo "2412"]
[Annotator "NA"]
[PlyCount "74"]
[EventDate "2019.10.15"]
[EventType "swiss"]
[EventCountry "IND"]
[SourceTitle "playchess.com"]
[Source "ChessBase"]
[SourceQuality "1"]
[TimeControl "40/5400+30:1800+30"]

1. Nf3 {[%emt 0:00:08]} Nf6 {[%emt 0:00:07]} 2. c4 {[%emt 0:00:07]} e6 {[%emt 0:00:22]} 3. g3 {[%emt 0:00:17]} d5 {[%emt 0:00:07]} 4. b3 {[%emt 0:00:12]} Be7 {[%emt 0:00:31]} 5. Bg2 {[%emt 0:00:07]} O-O {[%emt 0:00:17]} 6. Bb2 {[%emt 0:00:20]} c5 {[%emt 0:02:24]} 7. O-O {[%emt 0:01:43]} b6 {[%emt 0:04:38]} 8. cxd5 {[%emt 0:03:47]} Nxd5 {[%emt 0:00:29]} 9. d4 {[%emt 0:02:18]} Bb7 {[%emt 0:00:44]} 10. Nc3 {[%emt 0:05:57]} Nd7 {[%emt 0:06:18]} 11. Rc1 {[%emt 0:04:46]} Rc8 {[%emt 0:03:30]} 12. Nxd5 {[%emt 0:07:03]} Bxd5 {[%emt 0:00:10]} 13. Qd3 {[%emt 0:01:48]} cxd4 {[%emt 0:03:58]} 14. Bxd4 {[%emt 0:02:07]} Nc5 {[%emt 0:07:33]} 15. Qe3 {[%emt 0:11:25]} Qd7 {[%emt 0:05:04]} 16. b4 $11 {[%emt 0:15:58]} Nb7 {[%emt 0:06:15]} 17. a3 {[%emt 0:12:52]} Nd6 {[%emt 0:04:08]} 18. Ba1 {[%emt 0:03:13]} Qb7 {[%emt 0:09:19]} 19. Rfd1 {[%emt 0:02:18]} h6 {[%emt 0:04:37]} 20. Qf4 {[%emt 0:04:50]} Rxc1 {[%emt 0:02:29]} 21. Rxc1 Rc8 {[%emt 0:00:08]} 22. Rd1 {[%emt 0:05:44]} Bf8 {[%emt 0:05:29]} 23. Bf1 {[%emt 0:04:55]} Nc4 {[%emt 0:05:44]} 24. b5 {[%emt 0:09:01]} Nxa3 {[%emt 0:06:43]} 25. Ne5 {[%emt 0:00:55]} f6 {[%emt 0:08:46]} 26. Ng4 {[%emt 0:00:33]} Rc4 {[%emt 0:02:05]} 27. e4 {[%emt 0:00:32]} Rxe4 {[%emt 0:00:55]} 28. Nxf6+ {[%emt 0:00:12]} gxf6 {[%emt 0:00:09]} 29. Qxf6 {[%emt 0:00:03]} Qg7 {[%emt 0:01:36]} 30. Qd8 {[%emt 0:00:22]} Qf7 {[%emt 0:03:51]} 31. Rc1 {[%emt 0:01:18]} Nc4 {[%emt 0:01:04]} 32. Bf6 {[%emt 0:00:25]} Rg4 {[%emt 0:02:45]} 33. Be2 {[%emt 0:00:38]} Rg6 {[%emt 0:00:43]} 34. Ba1 {[%emt 0:00:27]} Nd2 {[%emt 0:01:54]} 35. Rc7 Qf5 {[%emt 0:00:17]} 36. Rc1 {[%emt 0:01:05]} Nf3+ {[%emt 0:00:26]} 37. Kf1 {[%emt 0:00:09]} Qh3# {[%emt 0:00:05]} 0-1

[Event "WJCC U20 Girls 2019"]
[Site "New Delhi"]
[Date "2019.10.21"]
[Round "7.3"]
[White "Assaubayeva, Bibisara"]
[Black "Rakshitta Ravi"]
[Result "1-0"]
[WhiteElo "2381"]
[BlackElo "2310"]
[Annotator "TA"]
[PlyCount "57"]
[EventDate "2019.10.15"]
[EventType "swiss"]
[EventCountry "IND"]
[SourceTitle "playchess.com"]
[Source "ChessBase"]
[SourceQuality "1"]

{[%evp 19,57,-9,7,0,26,14,30,2,0,0,-6,0,35,37,84,83,115,112,231,215,218,225,222,202,225,214,231,227,199,193,205,212,305,319,862,858,911,893,29998,29999]} 1. Nf3 Nf6 2. g3 e6 3. Bg2 d5 4. O-O Be7 5. c4 O-O 6. b3 d4 7. e3 c5 8. exd4 cxd4 9. d3 Nc6 10. Re1 Nd7 11. Ba3 {A14: English Opening: 1...e6 with b3 by White} (11. Na3 e5 12. Nc2 a5 13. a3 Rb8 14. b4 axb4 15. axb4 b5 16. c5 Bb7 17. Bd2 h6 18. h4 Re8 {½-½ (41) Van Wely,L (2600)-Bacrot,E (2678) Brest 2019}) 11... Re8 12. Bxe7 Rxe7 13. Na3 {White has an edge.} e5 14. Nc2 a5 $1 15. Nd2 $146 ({Predecessor:} 15. Ng5 h6 16. Ne4 f5 17. Nd6 Nc5 18. Bd5+ Kh7 19. Nxc8 Rxc8 {0-1 (34) Slipak,S (2465)-Pichot,A (2556) Buenos Aires 2017}) 15... f5 16. Bd5+ Kh8 17. Nf3 $1 Qe8 {[#]} 18. Qe2 $1 Nf6 (18... Qg6 $16 {was necessary.}) 19. Bxc6 $1 $18 bxc6 20. Nxe5 Kg8 21. Nxd4 c5 {[#]} 22. Nb5 $1 Ra6 23. d4 cxd4 24. Nxd4 Ng4 {[%cal Rg4e5]} 25. f4 Rd6 (25... h5 $142 26. Ndf3 h4) 26. Rad1 {And now Nxf5! would win.} Qd8 $2 (26... Nxe5 27. fxe5 Rg6) 27. c5 Rxd4 {[#]} 28. Qc4+ $1 {[%mdl 576] Back Rank} Rxc4 29. Rxd8+ {Accuracy: White = 74%, Black = 31%.} 1-0

[Event "WJCC U20 Girls 2019"]
[Site "New Delhi"]
[Date "2019.10.21"]
[Round "7.4"]
[White "Divya Deshmukh"]
[Black "Altantuya, Boldbaatar"]
[Result "1-0"]
[WhiteElo "2358"]
[BlackElo "2277"]
[Annotator "NA"]
[PlyCount "85"]
[EventDate "2019.10.15"]
[EventType "swiss"]
[EventCountry "IND"]
[SourceTitle "playchess.com"]
[Source "ChessBase"]
[SourceQuality "1"]
[TimeControl "40/5400+30:1800+30"]

1. e4 {[%emt 0:00:00]} e6 {[%emt 0:00:00]} 2. d4 {[%emt 0:00:00]} d5 {[%emt 0:00:11]} 3. Nd2 {[%emt 0:00:00]} Nf6 {[%emt 0:02:04]} 4. e5 {[%emt 0:00:00]} Nfd7 {[%emt 0:00:07]} 5. Ngf3 {[%emt 0:00:00]} c5 {[%emt 0:00:40]} 6. c3 {[%emt 0:00:00]} Nc6 {[%emt 0:00:37]} 7. Bd3 {[%emt 0:00:02]} cxd4 {[%emt 0:01:28]} 8. cxd4 {[%emt 0:00:04]} Qb6 {[%emt 0:00:27]} 9. O-O {[%emt 0:01:25]} Nxd4 {[%emt 0:11:04]} 10. Nxd4 {[%emt 0:00:32]} Qxd4 {[%emt 0:00:07]} 11. Nf3 {[%emt 0:00:02]} Qb6 {[%emt 0:01:49]} 12. a3 {[%emt 0:00:03] C06: French Tarrasch: 3...Nf6 4 e5 Nfd7 5 Bd3 main lines} (12. Qa4 Qb4 13. Qc2 Nc5 14. Bd2 Qa4 15. b3 Qd7 16. Rac1 b6 17. Nd4 Ba6 18. Bxa6 Nxa6 19. Qd3 Nc5 20. Qe2 a5 21. Be3 Be7 22. Qg4 g6 {1-0 (75) Mamedov,R (2660)-Wang,H (2734) Shamkir 2014}) 12... a5 {[%emt 0:07:25]} 13. Qa4 {[%emt 0:00:58]} Be7 {[%emt 0:15:43]} 14. Bb5 {[%emt 0:04:23]} Qd8 {[%emt 0:01:00]} 15. Qg4 {[%emt 0:02:52]} g6 $146 {[%emt 0:04:01]} ({Predecessor:} 15... Kf8) 16. Bh6 {[%emt 0:00:45]} Bf8 {[%emt 0:01:11]} 17. Qf4 {[%emt 0:05:01]} Bxh6 {[%emt 0:13:25]} 18. Qxh6 {[%emt 0:00:09]} Qe7 {[%emt 0:00:05]} 19. Qg7 {[%emt 0:07:39]} Qf8 {[%emt 0:00:56]} 20. Qf6 $1 {[%emt 0:00:08]} Rg8 {[%emt 0:03:12]} 21. Rac1 {[%emt 0:10:00]} Qe7 {[%emt 0:02:10]} 22. Qf4 {[%emt 0:00:14]} Kf8 {[%emt 0:05:44]} 23. Rc7 {[%emt 0:18:22]} g5 {[%emt 0:09:50]} 24. Qa4 {[%emt 0:13:28]} g4 $18 {[%emt 0:00:57]} 25. Nd4 {[%emt 0:01:56]} Qd8 {[%emt 0:04:05]} 26. Rxd7 {[%emt 0:08:03]} Bxd7 {[%emt 0:00:07]} 27. Bxd7 {[%emt 0:00:01]} Ke7 {[%emt 0:02:07]} 28. Bb5 {[%emt 0:02:38]} Qb6 {[%emt 0:03:18]} 29. Qd1 {[%emt 0:01:55]} a4 {[%emt 0:02:24]} 30. Qd2 {[%emt 0:01:42]} Rac8 {[%emt 0:03:28]} 31. Qf4 {[%emt 0:00:49]} Rg6 {[%emt 0:02:16]} 32. Bd3 {[%emt 0:00:12]} f5 {[%emt 0:00:24]} 33. exf6+ {[%emt 0:06:10]} Rxf6 {[%emt 0:00:06]} 34. Qxg4 {[%emt 0:00:01]} Rcf8 {[%emt 0:02:08]} 35. Re1 {[%emt 0:00:50]} h5 {[%emt 0:01:04]} 36. Qh4 {[%emt 0:01:11]} Kd6 {[%emt 0:01:27]} 37. Qg3+ {[%emt 0:03:45]} Ke7 {[%emt 0:00:41]} 38. h3 {[%emt 0:06:39]} R8f7 {[%emt 0:00:32]} 39. Qh4 {[%emt 0:03:04]} Kf8 {[%emt 0:00:32]} 40. Re2 {[%emt 0:02:00]} Qd6 {[%emt 0:00:34]} 41. Qxh5 {[%emt 0:30:28]} e5 {[%emt 0:30:25]} 42. Rxe5 {[%emt 0:02:20]} Rh6 {[%emt 0:00:00]} 43. Qe2 {[%emt 0:00:00]} 1-0